Švédsko-slovenský, slovensko-švédsky slovník
Guardado en:
| Autor principal: | |
|---|---|
| Otros Autores: | , |
| Formato: | Libro |
| Lenguaje: | sueco eslovaco |
| Publicado: |
Bratislava
Slovenské pedagogické nakladateľstvo
1995
|
| Materias: | |
| Etiquetas: |
Sin Etiquetas, Sea el primero en etiquetar este registro!
|
MARC
| LEADER | 00000nam a2200000 4500 | ||
|---|---|---|---|
| 001 | c133370 | ||
| 005 | 20221123112847.0 | ||
| 020 | |a 80-08-00984-5 | ||
| 041 | 0 | |a swe | |
| 041 | 0 | |a slo | |
| 044 | |a SK | ||
| 245 | 1 | 0 | |a Švédsko-slovenský, slovensko-švédsky slovník |c Jana Rakšányiová, Štefánia Hansson-Puciová, Teodora Handzová-Chmelová |
| 264 | 1 | |a Bratislava |b Slovenské pedagogické nakladateľstvo |c 1995 | |
| 300 | |a 333 s. | ||
| 610 | 2 | 0 | |a švédčina |
| 610 | 2 | 0 | |a slovenčina |
| 610 | 2 | 0 | |a terminológia |
| 610 | 2 | 0 | |a jazykoveda |
| 100 | 1 | |a Rakšányiová, Jana | |
| 700 | 1 | |a Hansson-Puciová, Štefánia | |
| 700 | 1 | |a Handzová-Chmelová, Teodora | |